000 00930nam a2200277 i 4500
001 000044910
003 DO-SdBNP
005 20240311110351.0
007 ta
008 150119s2014 dr ac 000 0 spa d
040 _aDO-SdBNP
_bspa
_cBNPHU
_erda
082 _bA696
_222
100 _aArias, Rosa Elina
_972926
245 1 0 _aMirándote bailar :
_bImagenes del pincel y el verso /
_cRosa Elina Arias, Tony Raful ; presentación Virginia Goris.
264 1 _aSanto Domingo :
_bBúho,
_c2014.
300 _a19 páginas
_bilustraciones, retratos
_c26 cm.
336 _2rdacontent
_atexto
_btxt
337 _2rdamedia
_asin mediación
_bn
338 _2rdacarrier
_avolumen
_bnc
500 _aIncluye bibliografía de la autora en la página 19.
590 _aInventariado, 2024/ YL
700 1 2 _aRaful, Tony,
_d1951-
_91377
_eautor
700 1 2 _aGoris, Virginia,
_epresentación
_972927
910 _aYLockward
942 _2ddc
_cLF2
999 _c44399
_d44399